Derecho internacional publico / (Registro nro. 11814)

Detalles MARC
000 -LEADER
fixed length control field 01480nam a2200313 4500
001 - CONTROL NUMBER
control field 0000021074
003 - CONTROL NUMBER IDENTIFIER
control field CO-CtgCURN
005 - DATE AND TIME OF LATEST TRANSACTION
control field 20250329191032.0
007 - PHYSICAL DESCRIPTION FIXED FIELD--GENERAL INFORMATION
fixed length control field ta
008 - FIXED-LENGTH DATA ELEMENTS--GENERAL INFORMATION
fixed length control field 160627s2004 000 0 eng d
020 ## - INTERNATIONAL STANDARD BOOK NUMBER
International Standard Book Number 9586906299
040 ## - CATALOGING SOURCE
Original cataloging agency CO-CtgCURN
Language of cataloging spa
Transcribing agency coctgcurn
082 0# - DEWEY DECIMAL CLASSIFICATION NUMBER
Classification number 341
Item number P164d1
100 1# - MAIN ENTRY--PERSONAL NAME
Personal name Pallares Bossa, Jorge.
245 10 - TITLE STATEMENT
Title Derecho internacional publico /
Statement of responsibility, etc. Jorge Palleras Bossa.
250 ## - EDITION STATEMENT
Edition statement 2a ed.
260 ## - PUBLICATION, DISTRIBUTION, ETC.
Place of publication, distribution, etc. Bogotá :
Name of publisher, distributor, etc. Leyer,
Date of publication, distribution, etc. 2004.
300 ## - PHYSICAL DESCRIPTION
Extent 579 p.
336 ## - CONTENT TYPE
Source rdacontent
337 ## - MEDIA TYPE
Source rdamedia
Media type term sin mediacion
Media type code n
338 ## - CARRIER TYPE
Source rdacarrier
Carrier type term volumen
Carrier type code nc
504 ## - BIBLIOGRAPHY, ETC. NOTE
Bibliography, etc. note Bibliografia (p. 573-579)
505 8# - FORMATTED CONTENTS NOTE
Formatted contents note El ordenamiento juridico internacional contempraneo.--Evolucion historica del derecho internacional.-- Las relaciones del ordenamiento juridico internacional con el derecho interno.--La creacion del derecho internacional.--El derecho consuetudinario y los principios generales del derecho en la creacion del ordenamiento juridico internacional.--Las fuentes subsidiarias y otras fuentes autonomas del derecho internacional.--Los sujetos del derecho internacional.--El estado: los principios estatales.--El estado: el espacio aereo y el espacio ultraterrestre
650 14 - SUBJECT ADDED ENTRY--TOPICAL TERM
Topical term or geographic name entry element Derecho internacional publico.
908 ## - PUT COMMAND PARAMETER (RLIN)
Put command parameter 160627
942 ## - ADDED ENTRY ELEMENTS (KOHA)
Koha item type Libros
Classification part 341
Item part P164d1
Source of classification or shelving scheme Dewey Decimal Classification
Existencias
Withdrawn status Lost status Source of classification or shelving scheme Damaged status Not for loan Collection Home library Current library Shelving location Date acquired Inventory number Total checkouts Full call number Barcode Date last seen Copy number Price effective from Koha item type Public note
    Dewey Decimal Classification     General Miguel Henríquez Castañeda Miguel Henríquez Castañeda General 03/29/2025 003587   341 P164d1 003587 03/29/2025 ej.1 03/29/2025 Libros 340-DEREC
    Dewey Decimal Classification     General Miguel Henríquez Castañeda Miguel Henríquez Castañeda General 03/29/2025 013119   341 P164d1 013119 03/29/2025 ej.2 03/29/2025 Libros 340-DEREC